[Event "7th Varna Open 2013"]
[Site "Varna BUL"]
[Date "2013.06.26"]
[Round "8.16"]
[White "Abdalla,L"]
[Black "Petkov,H"]
[Result "1-0"]
[WhiteElo "2288"]
[BlackElo "2054"]

1.d4 d5 2.c4 e6 3.Nc3 Nf6 4.Nf3 Be7 5.Bf4 O-O 6.e3 c6 7.c5 Nbd7 8.Bd3 Re8
9.O-O Nf8 10.h3 Nh5 11.b4 Nxf4 12.exf4 g6 13.Re1 Bf6 14.a4 Nd7 15.Rc1 Bg7
16.h4 b6 17.Ne2 Bb7 18.h5 a5 19.b5 Rc8 20.cxb6 Qxb6 21.hxg6 hxg6 22.Ne5 Nxe5
23.fxe5 c5 24.Qd2 cxd4 25.Qf4 Rxc1 26.Rxc1 Rc8 27.Rxc8+ Bxc8 28.Nxd4 Bd7
29.Nf3 Be8 30.Qc1 Bd7 31.Qc3 Bf8 32.Nh2 Bb4 33.Qb2 Qc5 34.Ng4 Kf8 35.Qe2 Qc1+
36.Kh2 Bc5 37.Qf3 Qg5 38.Be2 Bd4 39.Qa3+ Qe7 40.Qh3 Qg5 41.Qa3+ Qe7 42.Qc1 Qh4+
43.Kg1 Be8 44.Qc7 Kg7 45.b6  1-0

[Event "7th Varna Open 2013"]
[Site "Varna BUL"]
[Date "2013.06.26"]
[Round "8.6"]
[White "Swapnil,SD"]
[Black "Shyam,SM"]
[Result "1/2-1/2"]
[WhiteElo "2469"]
[BlackElo "2502"]

1.d4 Nf6 2.c4 e6 3.Nf3 d5 4.Nc3 Be7 5.Bf4 O-O 6.e3 Nbd7 7.Be2 dxc4 8.O-O Nb6
9.Ne5 Nfd5 10.Bg3 c5 11.Nxc4 cxd4 12.Qxd4 Bf6 13.Be5 Bxe5 14.Nxe5 f6 15.Nc4 e5
16.Qd2 Be6 17.Rfd1  1/2-1/2

[Event "III Marcel Duchamp Boca Jun Op"]
[Site "Buenos Aires ARG"]
[Date "2013.06.27"]
[Round "7.13"]
[White "Calderon Fernandez,G"]
[Black "Miranda,Rafael"]
[Result "1/2-1/2"]
[WhiteElo "2331"]
[BlackElo "2085"]

1.d4 d5 2.c4 e6 3.Nc3 Nf6 4.Nf3 Be7 5.Bf4 c6 6.e3 O-O 7.Bd3 dxc4 8.Bxc4 b5
9.Bd3 Nbd7 10.O-O Bb7 11.Rc1 Rc8 12.Ng5 h6 13.Nge4 Ne8 14.Bb1 f5 15.Ng3 g5
16.Qb3 Ng7 17.Nxf5 gxf4 18.Nxh6+ Kh8 19.Bg6 Bg5 20.Nf7+ Rxf7 21.Bxf7 Qe7
22.Ne4 Bh6 23.exf4 Qxf7 24.Nd6 Qg6 25.Nxb7 Nf5 26.Qd3 Nf6 27.g3 Nd5 28.Qe4 Nxf4
29.Rce1 Rg8 30.Kh1 Nd5 31.Qxe6 Qh5 32.Qe2 Qh3 33.Qf3 Nde3 34.Rg1 Nxd4 35.Qe4 Ndf5
36.Nd6 Rg4 37.Qe5+ Bg7 38.Qe8+ Kh7 39.Rxe3 Nxd6 40.Qxc6 Nf5 41.Qc2 Rg6 42.Rf3 Nd4
43.Qd3 Nxf3  1/2-1/2

[Event "III Marcel Duchamp Boca Jun Op"]
[Site "Buenos Aires ARG"]
[Date "2013.06.29"]
[Round "9.19"]
[White "Gaitan,Juan Manuel"]
[Black "Galleto,Ricardo"]
[Result "1-0"]
[WhiteElo "2228"]
[BlackElo "2014"]

1.d4 Nf6 2.c4 e6 3.Nf3 d5 4.Nc3 Be7 5.Bf4 c6 6.e3 Nbd7 7.c5 O-O 8.Bd3 b6
9.b4 a5 10.a3 axb4 11.axb4 Rxa1 12.Qxa1 bxc5 13.bxc5 Bxc5 14.dxc5 Nxc5 15.Be2 Nfe4
16.O-O f6 17.Nxe4 Nxe4 18.Qc1 g5 19.Bg3 Bd7 20.Nd2 Nxg3 21.hxg3 e5 22.Qc5 f5
23.Ra1 Qf6 24.Ra7 Rf7 25.Bh5 Re7 26.Qb6 Qf8 27.Qb7 Kg7 28.Qc7 Kf6 29.Qd6+ Be6
30.Nf3  1-0

[Event "TCh-MNE Prem 2013"]
[Site "Cetinje MNE"]
[Date "2013.06.30"]
[Round "7.4"]
[White "Pecurica,M"]
[Black "Konjevic,Djordje"]
[Result "1/2-1/2"]
[WhiteElo "2172"]
[BlackElo "2324"]

1.d4 Nf6 2.c4 e6 3.Nc3 d5 4.Nf3 Be7 5.Bf4 O-O 6.e3 Nbd7 7.c5 Nh5 8.Bd3 Nxf4
9.exf4 Re8 10.O-O Nf8 11.b4 c6 12.Re1 Qc7 13.g3 Bf6 14.b5 g6 15.Qa4 Bd7 16.Rab1 Reb8
17.Qb4 b6 18.Rec1 cxb5 19.c6 Bxc6 20.Bxb5 Rc8 21.Qa3 Qd8 22.Ne5 Bb7 23.Ba6 Bxa6
24.Qxa6 Bxe5 25.fxe5 Rc4 26.Nb5 Qc8 27.Qa3 a6 28.Nd6 Rxc1+ 29.Rxc1 Qd7 30.h4 b5
31.Qa5 Qa7 32.Rc7 Qxd4 33.Nxf7 b4 34.Nh6+ Kh8 35.Nf7+ Kg8 36.Nh6+  1/2-1/2

[Event "IsBank TCh-TUR 2013"]
[Site "Denizli TUR"]
[Date "2013.06.30"]
[Round "2.2"]
[White "Agamaliev,G"]
[Black "Mammadov,Z"]
[Result "1-0"]
[WhiteElo "2512"]
[BlackElo "2437"]

1.c4 e6 2.Nc3 d5 3.d4 Nf6 4.Nf3 Be7 5.Bf4 O-O 6.e3 b6 7.cxd5 Nxd5 8.Nxd5 exd5
9.Bd3 c5 10.O-O Nc6 11.Bb5 Bb7 12.Qa4 Na5 13.dxc5 bxc5 14.Rfd1 a6 15.Be2 Re8
16.Rac1 Rc8 17.b4 Nc6 18.bxc5 Qa5 19.Qxa5 Nxa5 20.Bd6 Bxd6 21.cxd6 Rxc1 22.Rxc1 Rd8
23.Rc5 Nc4 24.Bxc4 dxc4 25.Rxc4 Rxd6 26.Nd4 g6 27.Rb4 Bd5 28.a3 Rd7 29.f3 Rc7
30.e4 Rc1+ 31.Kf2 Bc4 32.Rb8+ Kg7 33.Rc8 Rf1+ 34.Ke3 Bb5 35.Rc3 Re1+ 36.Kf4 Bf1
37.g4 Rb1 38.h4 h6 39.g5 hxg5+ 40.hxg5 Rb8 41.Nc2 Bh3 42.Ne3 Be6 43.Nd5 a5
44.Rc5 a4 45.Ra5 Bd7 46.Ra7 Bc6 47.Nf6 Kf8 48.Ke5 Rb3 49.Rc7 Bb5 50.Nd5 Ba6
51.Ra7 Bb7 52.Nb4 Rxa3 53.Rxb7 Rb3 54.Kd4 a3 55.Kc4 Rxf3 56.Ra7 Rg3 57.Ra5 Kg7
58.Na2 Rg4 59.Nc3 a2 60.Rxa2 Rxg5 61.Kd4 Rg3 62.Ra7 Rf3 63.e5 Kh6 64.Ne4 g5
65.Ra8 g4 66.Rh8+ Kg7 67.Rh5 Rf4 68.Kd5 Kg6 69.Rg5+ Kh6 70.Rg8 Kh7 71.Rxg4  1-0

[Event "IsBank TCh-TUR 2013"]
[Site "Denizli TUR"]
[Date "2013.06.30"]
[Round "2.2"]
[White "Yilmaz,M"]
[Black "Gagunashvili,M"]
[Result "1/2-1/2"]
[WhiteElo "2556"]
[BlackElo "2601"]

1.d4 d5 2.c4 e6 3.Nc3 Be7 4.Nf3 Nf6 5.Bf4 O-O 6.e3 Nbd7 7.c5 c6 8.Bd3 b6
9.b4 a5 10.a3 Ba6 11.O-O Qc8 12.h3 Qb7 13.Rb1 Bxd3 14.Qxd3 axb4 15.axb4 Ra3
16.Qc2 Rfa8 17.Rfc1 Bd8 18.Rb2 Ra1 19.Nb1 Ne4 20.Nfd2 Nxd2 21.Nxd2  1/2-1/2

[Event "4th AIMAG Women"]
[Site "Incheon KOR"]
[Date "2013.06.30"]
[Round "1.11"]
[White "Hejazipour,M"]
[Black "Nouman,A"]
[Result "1-0"]
[WhiteElo "2250"]
[BlackElo "1811"]

1.d4 d5 2.Nf3 Nf6 3.c4 e6 4.Nc3 Be7 5.Bf4 O-O 6.e3 b6 7.Bd3 Bb7 8.cxd5 Nxd5
9.Nxd5 Qxd5 10.O-O c5 11.e4 Qh5 12.Be2 Bxe4 13.Ng5 Qg6 14.Nxe4 Qxe4 15.Bf3 Qxf4
16.Bxa8 cxd4 17.Qa4 a5 18.Qb5 Bc5 19.a3 Qd6 20.Rab1 d3 21.b4 axb4 22.axb4 Bd4
23.Rb3 Rd8 24.Be4 d2 25.Bf3 g6 26.Rd1 Bf6 27.g3 Qc7 28.Rd3 Rxd3 29.Qxd3 Bc3
30.Rb1 Nd7 31.Bd1 Nf6 32.Bf3 Nd7 33.Qc2 Qe5 34.Kg2 Qd6 35.Qxc3  1-0

[Event "XXII Anderssen Mem Final A"]
[Site "Wroclaw POL"]
[Date "2013.06.30"]
[Round "1.1"]
[White "Dragun,K"]
[Black "Grabarczyk,M"]
[Result "1/2-1/2"]
[WhiteElo "2523"]
[BlackElo "2460"]

1.d4 d5 2.c4 e6 3.Nc3 Nf6 4.Nf3 Be7 5.Bf4 O-O 6.Rc1 dxc4 7.e4 a6 8.Bxc4 b5
9.Bd3 Bb7 10.Qe2 Nbd7 11.e5 Nh5 12.Bd2 c5 13.Ne4 cxd4 14.O-O g6 15.Bh6 Ng7
16.Qd2 Rc8 17.Rxc8 Qxc8 18.Qf4 Bxe4 19.Bxe4 Nc5 20.Nxd4 Nxe4 21.Qxe4 Qd7
22.Rc1 Rd8 23.Nf3 Nf5 24.Bd2 Nh4 25.Ba5 Nxf3+ 26.Qxf3 Rc8 27.Rxc8+ Qxc8 28.Qd1 Qc4
29.Bd8 Bxd8 30.Qxd8+ Kg7 31.Qf6+ Kg8 32.Qd8+  1/2-1/2

[Event "XXII Anderssen Mem Final A"]
[Site "Wroclaw POL"]
[Date "2013.06.30"]
[Round "1.3"]
[White "Dragun,K"]
[Black "Grabarczyk,M"]
[Result "1-0"]
[WhiteElo "2523"]
[BlackElo "2460"]

1.d4 d5 2.c4 e6 3.Nc3 Nf6 4.Nf3 Be7 5.Bf4 O-O 6.Rc1 dxc4 7.e4 a6 8.Bxc4 b5
9.Bd3 Bb7 10.e5 Nd5 11.Nxd5 Bxd5 12.h4 h6 13.Bb1 Nd7 14.Qc2 f5 15.Qxc7 Bb4+
16.Ke2 Bc4+ 17.Rxc4 bxc4 18.Qxc4 Qb6 19.a3 Be7 20.Ba2 Kf7 21.d5 Qxb2+ 22.Nd2 Nb6
23.dxe6+ Kg8 24.Qb3 Qd4 25.Be3 Qg4+ 26.Nf3 Rab8 27.Rc1 Kh8 28.Bxb6 Qe4+ 29.Qe3 Rxb6
30.Qxe4 fxe4 31.Nd4 Rb2+ 32.Rc2 Rxc2+ 33.Nxc2 Bc5 34.Ne3 Bxa3 35.Nd5 a5 36.Ke3 a4
37.Kxe4 Bc5 38.f4 a3 39.f5 Rb8 40.f6 gxf6 41.exf6 Rb2 42.e7 Bxe7 43.fxe7 Re2+
44.Ne3  1-0

[Event "XXII Anderssen Mem Final A"]
[Site "Wroclaw POL"]
[Date "2013.06.30"]
[Round "2.3"]
[White "Moranda,W"]
[Black "Sabuk,P"]
[Result "1-0"]
[WhiteElo "2570"]
[BlackElo "2222"]

1.d4 d5 2.c4 e6 3.Nf3 Nf6 4.Nc3 Be7 5.Bf4 O-O 6.e3 b6 7.Qc2 c5 8.dxc5 bxc5
9.Rd1 Bb7 10.Be2 Nc6 11.cxd5 exd5 12.O-O Qb6 13.Ne5 Rfd8 14.Bf3 Nb4 15.Qb3 Na6
16.Qxb6 axb6 17.Nc4 Nb4 18.Nxb6 Ra6 19.Bc7 Re8 20.a3 Nc6 21.Nbxd5 Nxd5 22.Bxd5 Bf6
23.Ne4 Be5 24.Bxe5 Rxe5 25.Nxc5 Ra5 26.b4 Rb5 27.Bxc6 Bxc6 28.Rd8+ Re8 29.Rxe8+ Bxe8
30.Rd1 Kf8 31.Rd4 Ke7 32.a4 Rb8 33.f3 Ra8 34.b5 Rc8 35.Rc4 Rd8 36.Rc2 Rd1+
37.Kf2 Ra1 38.Rb2 Kd6 39.b6 Bc6 40.b7 Bxb7 41.Nxb7+ Kc7 42.a5  1-0

[Event "XXII Anderssen Mem Final A"]
[Site "Wroclaw POL"]
[Date "2013.06.30"]
[Round "2.1"]
[White "Moranda,W"]
[Black "Sabuk,P"]
[Result "1-0"]
[WhiteElo "2570"]
[BlackElo "2222"]

1.d4 d5 2.c4 e6 3.Nf3 Nf6 4.Nc3 Be7 5.Bf4 O-O 6.e3 Nbd7 7.a3 c5 8.cxd5 Nxd5
9.Nxd5 exd5 10.dxc5 Nxc5 11.Be5 Bf6 12.Bxf6 Qxf6 13.Qd4 Qxd4 14.Nxd4 Bd7
15.g3 Ne6 16.Kd2 Nxd4 17.exd4 Rac8 18.Bd3 Rfe8 19.Rac1 Kf8 20.Rc5 b6 21.Rxc8 Rxc8
22.Re1 g6 23.Re5 f6 24.Re1 Re8 25.Rh1 Bh3 26.Rg1 Bg4 27.h3 Bd7 28.h4 Bg4
29.Rf1 Bh3 30.Rh1 Bg4 31.b4 Ke7 32.h5 Bxh5 33.g4 Bxg4 34.Rxh7+ Kd6 35.Rxa7 g5
36.Rb7 Kc6 37.Rf7 Re6 38.a4 Rd6 39.Bb5+  1-0

[Event "4th AIMAG Women"]
[Site "Incheon KOR"]
[Date "2013.07.01"]
[Round "2.6"]
[White "Nakhbayeva,G"]
[Black "Tohirjonova,Gulruhbegim"]
[Result "0-1"]
[WhiteElo "2339"]
[BlackElo "2105"]

1.d4 d5 2.c4 e6 3.Nc3 Be7 4.Nf3 Nf6 5.Bf4 O-O 6.e3 Nbd7 7.h3 c5 8.dxc5 Nxc5
9.a3 Nce4 10.Nb5 Bd7 11.Bc7 Qc8 12.Be5 dxc4 13.Nbd4 Qc5 14.Be2 Qa5+ 15.Kf1 Rac8
16.g4 Ba4 17.Qc1 c3 18.Kg2 Qd5 19.Bf4 Bc5 20.bxc3 Bxd4 21.exd4 Rxc3 22.Qe1 Rfc8
23.Rc1 Rxc1 24.Bxc1 Nc3 25.Bd3 Bd1 26.Qe3 Bxf3+ 27.Qxf3 Qxd4 28.Bb2 Nfd5
29.Rd1 Qa4 30.Rc1 Qf4 31.Be4 Qxf3+ 32.Kxf3 Rc6 33.Bxc3 Rxc3+ 34.Rxc3 Nxc3
35.Bxb7 Kf8 36.Ke3 e5 37.Kd3 Nb5 38.a4 Nd6 39.Bd5 a5 40.Ke3 g5 41.Kd3 h6
42.Kc3 Ke7 43.Kd3 Kd7 44.Kc3 Kc7 45.Bf3 Kb6 46.Bg2 Kc5 47.Bf3 f6 48.Bg2 Nc8
49.Kd3 Ne7 50.Kc3 Ng6 51.Bf1 Nf4 52.f3 Kd5 53.Bc4+ Kd6 54.Bf1 Kc5 55.Kd2 Kd4
56.Bb5 Nxh3 57.Be8 Ng1 58.Bc6 Nh3 59.Bb7 Nf4 60.Bc6 h5 61.gxh5 Nxh5 62.Ke2 f5
63.Kf2 Nf6 64.Ke2 e4 65.fxe4 Nxe4 66.Kf3 Nf6 67.Kg3  0-1

[Event "IsBank TCh-TUR 2013"]
[Site "Denizli TUR"]
[Date "2013.07.02"]
[Round "4.6"]
[White "Dogan,N"]
[Black "Karamahmutoglu,E"]
[Result "1/2-1/2"]
[WhiteElo "2105"]
[BlackElo "1983"]

1.Nf3 d5 2.d4 Nf6 3.c4 e6 4.Nc3 Be7 5.Bf4 c6 6.e3 Nbd7 7.h3 Qa5 8.Nd2 Nf8
9.Bd3 Ng6 10.Bg3 O-O 11.Qc2 Re8 12.O-O Qd8 13.Nf3 Bd6 14.Ne5 Nh5 15.Bh2 Qh4
16.f4 Bxe5 17.fxe5 dxc4 18.Bxc4 b5 19.Bd3 Bb7 20.Be4 Ng3 21.Bxg3 Qxg3 22.Rf3 Qg5
23.Raf1 Rf8 24.Qf2 Qe7 25.Bxg6 hxg6 26.Rf4 g5 27.Rg4 f5 28.exf6 Rxf6 29.Qg3 Rxf1+
30.Kxf1 c5 31.Rxg5 b4 32.Na4 cxd4 33.exd4 Qf6+ 34.Kg1 Qxd4+ 35.Kh2 Rf8 36.Rg4 Qf6
37.Nc5 Bxg2 38.Nxe6 Qxe6 39.Qxg2 Qe5+ 40.Rg3 Qd4 41.Kh1 Rc8 42.Kh2 Qe5 43.Qd2 a5
44.Qg2 a4 45.Kh1 Rc1+ 46.Kh2 b3 47.axb3 axb3 48.Qa8+ Kh7 49.h4 Rc2+ 50.Kh3 Qf5+
51.Rg4 Qf1+ 52.Rg2 Qxg2+ 53.Qxg2 Rxg2 54.Kxg2 Kg6 55.Kg3 Kf5 56.Kf3 Ke5 57.Kg4 Kd4
58.Kg5 Kd3 59.Kg6 Kc2 60.Kxg7 Kxb2 61.h5  1/2-1/2

[Event "4th AIMAG Women"]
[Site "Incheon KOR"]
[Date "2013.07.03"]
[Round "6.7"]
[White "Khademalsharieh,S"]
[Black "Tohirjonova,Gulruhbegim"]
[Result "1/2-1/2"]
[WhiteElo "2315"]
[BlackElo "2105"]

1.d4 d5 2.c4 e6 3.Nc3 Be7 4.Nf3 Nf6 5.Bf4 O-O 6.e3 Nbd7 7.Be2 dxc4 8.O-O b6
9.Bxc4 Bb7 10.Qe2 c5 11.dxc5 Bxc5 12.Rfd1 Qe7 13.a3 a5 14.e4 e5 15.Bg5 h6
16.Rxd7 Qxd7 17.Bxf6 Qg4 18.Bxe5 Rfe8 19.Bg3 Qh5 20.Qd3 Rad8 21.Nd5 Kh8 22.Bb5 Re6
23.Bc7 Bxd5 24.Bxd8 Bxe4 25.Qc3 Rg6 26.Ne1 Bd6 27.Bd7 Qxh2+ 28.Kf1 Bxg2+
29.Nxg2 Qxg2+ 30.Ke2 Bc5 31.Qf3 Qxf3+ 32.Kxf3 Rd6 33.b4 Bd4 34.Rd1 axb4 35.axb4 Rxd7
36.Bxb6 Rb7 37.Bxd4 Rxb4 38.Bc5 Rc4 39.Rd8+ Kh7 40.Bd4 Kg6 41.Rd6+ f6 42.Rd7 Kf5
43.Ke3 Kg6 44.f4 h5 45.Ke4 Kh6 46.f5 Ra4 47.Kf4 Rc4 48.Rd8 Kh7 49.Kg3 Rc1
50.Rd7 Rf1 51.Bxf6 Rxf5 52.Rxg7+ Kh6 53.Bd4 Rg5+  1/2-1/2

[Event "41st TCh-GRE"]
[Site "Rio (Achaia) GRE"]
[Date "2013.07.03"]
[Round "2.10"]
[White "Pissadakis,Dimitrios"]
[Black "Kasioumis,Vasilios"]
[Result "1/2-1/2"]
[WhiteElo "1482"]
[BlackElo "1291"]

1.d4 d5 2.c4 e6 3.Nc3 Be7 4.Nf3 Nf6 5.Bf4 c5 6.cxd5 Nxd5 7.Nxd5 exd5 8.g3 Be6
9.Bg2 O-O 10.O-O Nc6 11.Be3 c4 12.Nd2 b5 13.a4 b4 14.Nxc4 dxc4 15.Bxc6 Rc8
16.Bg2 Bf6 17.f4 Bd5 18.Bh3 Rc6 19.Re1 Qe7 20.Qc1 Re8 21.Kf2 Qe4 22.Rd1 Rc7
23.Bf1 Rce7 24.Bd2 Bxd4+ 25.Ke1 Qf3 26.Be3 Bxe3 27.exf3 Bxc1+ 28.Kf2 Be3+
29.Kg2 Be6 30.f5 c3 31.fxe6 c2 32.exf7+ Kxf7 33.Bc4+ Kf8 34.Rf1 Rc8 35.b3 c1=Q
36.Raxc1 Bxc1 37.Rxc1 Re2+ 38.Kh3 Rb2 39.Rd1 Ke7 40.Rd5 Rf8 41.f4 Rd8 42.Ra5 Rd7
43.Rb5 Rdd2 44.Rxb4 Rxh2+ 45.Kg4 Kf6 46.Rb5 h5+ 47.Rxh5 Rxh5 48.Kxh5 Kf5
49.Bd3+ Kf6 50.Bc4 g6+ 51.Kg4 Rf2 52.Bd5 Rd2 53.Bc4 Rc2 54.Bd5 Rc3 55.Bc4 Ke7
56.Kh4 Kf6 57.Kg4 a5 58.Bd5 Rc5 59.Bc4 g5 60.fxg5+ Rxg5+  1/2-1/2

[Event "VIII Wroclaw Open A 2013"]
[Site "Wroclaw POL"]
[Date "2013.07.04"]
[Round "4.17"]
[White "Dmochowska,A"]
[Black "Dadello,Al"]
[Result "1-0"]
[WhiteElo "1807"]
[BlackElo "1843"]

1.d4 d5 2.c4 e6 3.Nc3 Nf6 4.Nf3 Be7 5.Bf4 c6 6.e3 O-O 7.Qc2 Nbd7 8.Bd3 dxc4
9.Bxc4 b5 10.Bd3 Bb7 11.O-O h6 12.e4 a6 13.e5 Ne8 14.Qd2 c5 15.Be4 Bxe4 16.Nxe4 Nc7
17.Rac1 c4 18.b3 Ba3 19.Rc2 cxb3 20.axb3 Nd5 21.Bxh6 Kh7 22.Neg5+ Kg8 23.Qd3 g6
24.Nxe6 Qb6 25.Nxf8 Nxf8 26.Qe4 Rd8 27.Bg5 Be7 28.Rfc1 Ne6 29.Rc6 Qb7 30.Qh4 Nxg5
31.Nxg5 Bxg5 32.Qxg5 Re8 33.e6 fxe6 34.Qxg6+ Kf8 35.Rxe6  1-0

[Event "Karvina Open 2013"]
[Site "Karvina CZE"]
[Date "2013.07.05"]
[Round "7.27"]
[White "Szneider,K"]
[Black "Havelka,Ondrej"]
[Result "0-1"]
[WhiteElo "1809"]
[BlackElo "1636"]

1.d4 d5 2.c4 e6 3.Nf3 Nf6 4.Nc3 Be7 5.Bf4 O-O 6.e3 b6 7.Rc1 c5 8.cxd5 exd5
9.Ne5 Bb7 10.Be2 Nbd7 11.Bf3 Nxe5 12.dxe5 Ne4 13.Bxe4 dxe4 14.Qc2 Qd3 15.Qxd3 exd3
16.f3 Rfd8 17.Kd2 c4 18.e4 a6 19.Be3 b5 20.a3 Rac8 21.Ra1 Bc5 22.Bxc5 Rxc5
23.f4 a5 24.Rhe1 b4 25.axb4 axb4 26.Nd1 g5 27.g3 Rd4 28.Nf2 Rd7 29.Rac1 Ba6
30.Re3 Ra5 31.Nd1 Ra2 32.Rb1 c3+ 33.Nxc3 bxc3+ 34.Kxc3 Rc7+ 35.Kb3 Ra5  0-1

[Event "41st Annual World Open"]
[Site "Arlington USA"]
[Date "2013.07.06"]
[Round "6.12"]
[White "Amanov,M"]
[Black "Cornejo,M"]
[Result "1/2-1/2"]
[WhiteElo "2484"]
[BlackElo "2388"]

1.d4 Nf6 2.Nf3 d5 3.c4 e6 4.Nc3 Be7 5.Bf4 O-O 6.e3 Nbd7 7.Be2 c5 8.cxd5 Nxd5
9.Nxd5 exd5 10.O-O Qb6 11.Qc2 Bd6 12.dxc5 Nxc5 13.Bxd6 Qxd6 14.Rac1 b6 15.Rfd1 Bb7
16.Qf5 g6 17.Qg4 Rac8 18.b4 Ne6 19.Nd4 Qe5 20.Bb5 h5 21.Qh4 Nxd4 22.Qxd4 Qxd4
23.exd4 Rxc1 24.Rxc1 Rc8 25.Rxc8+ Bxc8 26.h4 Kf8 27.Kh2 Ke7 28.Kg3 a6 29.Bd3 f5
30.Kf4 Kf6 31.Be2 Bb7 32.Bd1 Bc6 33.Bb3 a5 34.bxa5 bxa5 35.a3 Bb7 36.Ba4 Ba6
37.Be8 Bc4 38.g3 Ba2 39.Ke3 Bc4 40.Kd2 Bb3 41.Bb5 Ke6 42.Kc3 Bd1 43.Be8 Kf6
44.Bc6 Ke6 45.Kd2 Bb3 46.Bb5 Ke7 47.Kc3 Bd1 48.Bc6 Ke6 49.Kd3 Bb3 50.Kd2 Bc4
51.Be8 Kf6 52.Kc3 Be2 53.Ba4 Ke6 54.Bb3 Bb5 55.Kd2 Bd7 56.Ba2 Ba4 57.Ke3 Bc6
58.Bb3 Kf6 59.Kf4 Bb7 60.Ke3 Bc6 61.Bd1 Bb5 62.Bf3 Bc6 63.Be2 Ba4 64.Ba6 Bb3
65.Bb5 Ke6 66.Kd2 Ke7 67.Kd3 Ke6 68.Ke3 Ke7 69.f3 Ke6 70.Bc6 Ke7 71.Bb5 Ke6
72.Bd3 Kf6 73.Ke2 Ba4 74.Kd2 Bb3 75.Be2 Ke6 76.Ke3 Ke7 77.Bb5 Ke6 78.Be8 Kf6
79.Kd2 Bc4 80.f4 Bb3 81.Kc1 Bc4 82.Kc2 Be2 83.Kc3 Bd1 84.Kb2 Be2 85.Ba4 Ke6
86.Kc3 Bc4 87.Bc6 Be2 88.Kc2 Bc4 89.Ba4 Be2 90.Kb2 Bc4 91.Bb3 Bb5 92.Kc3 Kd6  1/2-1/2

[Event "36th Barbera Open"]
[Site "Barbera del Valles ESP"]
[Date "2013.07.06"]
[Round "3.6"]
[White "Grigoryan,K2"]
[Black "Sachdev,T"]
[Result "1-0"]
[WhiteElo "2550"]
[BlackElo "2430"]

1.d4 d5 2.c4 e6 3.Nc3 Be7 4.Nf3 Nf6 5.Bf4 O-O 6.Rc1 c5 7.dxc5 Bxc5 8.e3 Nc6
9.a3 a6 10.b4 Ba7 11.c5 Bb8 12.Be2 h6 13.O-O e5 14.Bg3 d4 15.exd4 exd4 16.Na4 Bxg3
17.hxg3 Bf5 18.Bd3 Bg4 19.Nb6 Rb8 20.Qb3 Qc7 21.Nc4 Rbd8 22.Rfe1 Be6 23.Qb2 Bxc4
24.Bxc4 Rfe8 25.Rxe8+ Rxe8 26.a4 Qd7 27.b5 axb5 28.axb5 Na5 29.Bd3 Qd5 30.Qb4 Qb3
31.Qxd4  1-0

[Event "41st TCh-GRE"]
[Site "Rio (Achaia) GRE"]
[Date "2013.07.07"]
[Round "7.10"]
[White "Anthopoulos,Hristos"]
[Black "Pissadakis,Dimitrios"]
[Result "1-0"]
[WhiteElo "1725"]
[BlackElo "1482"]

1.d4 d5 2.Nf3 e6 3.c4 Nf6 4.Nc3 Be7 5.Bf4 a6 6.e3 b6 7.Bd3 Bb7 8.O-O O-O
9.h3 Nbd7 10.Rc1 Rc8 11.Qe2 Ra8 12.Rfd1 c5 13.Bb1 Rc8 14.Ne5 Qe8 15.Nxd7 Qxd7
16.cxd5 exd5 17.Be5 c4 18.Qf3 Qd8 19.Ne2 Nd7 20.Bh2 Nf6 21.Be5 Nd7 22.Bh2 Nf6
23.Ng3 Bd6 24.Nf5 Bxh2+ 25.Kxh2 Qc7+ 26.Kg1 b5 27.Nh6+ gxh6 28.Qxf6 Qc6 29.Qf5 Qg6
30.Qxc8 Bxc8 31.Bxg6 hxg6 32.b3 Bf5 33.bxc4 bxc4 34.f3 Rb8 35.e4 dxe4 36.g4 Be6
37.d5 Bd7 38.fxe4 Bb5 39.Rd4 Rd8 40.a4 Bxa4 41.Rdxc4 Bb5 42.Rc8 Rf8 43.Rxf8+ Kxf8
44.Kf2 Ke7 45.Ke3 Kd7 46.Kd4 Kd6 47.e5+ Kd7 48.Rc2 Kd8 49.Rf2 Ke7 50.d6+ Ke8
51.Kd5 Ba4 52.Kc5 Bb3 53.Kc6 Kd8 54.Rb2 Ba4+ 55.Kd5 Bb5 56.Kc5 Kd7 57.Rf2 Ke8
58.Kb6 Bd7 59.Kc7 Ba4 60.Rxf7 Kxf7 61.d7 Bxd7 62.Kxd7 a5 63.e6+ Kf6 64.e7 a4
65.e8=Q Kg5 66.Qe4 a3 67.Qa4 Kh4 68.Qxa3 g5 69.Qd6 Kxh3 70.Qxh6+ Kxg4 71.Ke6 Kf4
72.Kf6 Ke4  1-0

[Event "Styrian Open A 2013"]
[Site "Bad Gleichenberg AUT"]
[Date "2013.07.08"]
[Round "3.16"]
[White "Danner,G"]
[Black "Hofbauer,P"]
[Result "1-0"]
[WhiteElo "2315"]
[BlackElo "2060"]

1.d4 d5 2.Nf3 Nf6 3.c4 e6 4.Nc3 Be7 5.Bf4 c6 6.e3 O-O 7.Qc2 Nbd7 8.Bd3 dxc4
9.Bxc4 Nb6 10.Be2 Nbd5 11.Bg3 Nxc3 12.bxc3 c5 13.O-O Qa5 14.Ne5 cxd4 15.cxd4 Bd7
16.Nxd7 Nxd7 17.Qe4 b5 18.Qb7 Qd8 19.Rac1 Nb6 20.Bxb5 Bd6 21.Bc6 Bxg3 22.hxg3 a5
23.Rc5 a4 24.Rb1 Rb8 25.Qa7 e5 26.Rcb5 exd4 27.Rxb6 Rxb6 28.Qxb6  1-0

[Event "IsBank TCh-TUR 2013"]
[Site "Denizli TUR"]
[Date "2013.07.08"]
[Round "11.1"]
[White "Mirzoev,A"]
[Black "Mchedlishvili,M"]
[Result "1/2-1/2"]
[WhiteElo "2536"]
[BlackElo "2637"]

1.Nf3 Nf6 2.c4 e6 3.d4 d5 4.Nc3 Be7 5.Bf4 O-O 6.e3 Nbd7 7.h3 c5 8.cxd5 Nxd5
9.Nxd5 exd5 10.dxc5 Qa5+ 11.Qd2 Qxd2+ 12.Kxd2 Nxc5 13.Bd3 Nxd3 14.Kxd3 Bf5+
15.Ke2 Rac8 16.Nd4 Bd7 17.Rhc1 Bf6 18.b3 Bxd4 19.exd4 Rc6  1/2-1/2

[Event "IsBank TCh-TUR 2013"]
[Site "Denizli TUR"]
[Date "2013.07.08"]
[Round "11.2"]
[White "Gagunashvili,M"]
[Black "Semenova,El1"]
[Result "1-0"]
[WhiteElo "2601"]
[BlackElo "2152"]

1.d4 d5 2.c4 e6 3.Nc3 Nf6 4.Nf3 Be7 5.Bf4 dxc4 6.e4 a6 7.Bxc4 b5 8.Bd3 Bb7
9.Qc2 Nc6 10.Qd2 O-O 11.Bb1 b4 12.Ne2 Na5 13.Ng3 c5 14.O-O cxd4 15.Qd3 g6
16.e5 Nd7 17.Qxd4 Rc8 18.Ne4 Rc4 19.Qe3 Qb6 20.Nd6 Bxd6 21.exd6 Qxe3 22.fxe3 f6
23.Bd3 Rcc8 24.Nd2 e5 25.Bh6 Rfd8 26.Nb3 Nxb3 27.axb3 Bd5 28.Bxa6 Rc2 29.e4 Bxb3
30.Bb5 Nc5 31.Rxf6 Nxe4 32.Rf3 Nxd6 33.Rd3 e4 34.Rd4 Rcc8 35.Bg5 e3 36.Bxd8 Nxb5
37.Rxb4 Rxd8 38.Rxb3 Nd4 39.Rxe3 Nc2 40.Rea3 Nxa3 41.bxa3 Ra8 42.a4 Ra5 43.Kf2 Kf7
44.Ke3 Ke6 45.Kd4 Kd6 46.Kc4 Kc6 47.Kb4 Kb6 48.Rf1 Rh5 49.a5+ Ka6 50.Rf6+ Kb7
51.h3 Rg5 52.g4 h5 53.Rb6+  1-0

[Event "EY Boys Teams 2013"]
[Site "Maribor SLO"]
[Date "2013.07.08"]
[Round "4"]
[White "Dragun,K"]
[Black "Drnovsek,G"]
[Result "1-0"]
[WhiteElo "2532"]
[BlackElo "2203"]

1.d4 d5 2.c4 e6 3.Nc3 Nf6 4.Nf3 Be7 5.Bf4 O-O 6.Rc1 dxc4 7.e4 c5 8.Bxc4 cxd4
9.Nxd4 a6 10.e5 Nd5 11.Nxd5 exd5 12.Bd3 Bd7 13.O-O Nc6 14.Nf5 Bxf5 15.Bxf5 Bg5
16.Qh5 h6 17.Bxg5 Qxg5 18.Qxg5 hxg5 19.e6 f6 20.e7 Nxe7 21.Be6+ Kh8 22.Rc7 Ng6
23.Bxd5 Rad8 24.Bxb7 Rd2 25.Bxa6 Rxb2 26.Ra1 Kh7 27.Bd3 Rd8 28.Rc2 Rb4 29.a3 Rbd4
30.Bf1 Ra8 31.Rc4 Rd2 32.a4 Ra5 33.Rb4 Ne5 34.Rb5 Nc6 35.h3 Rd5 36.Rxd5 Rxd5
37.f3 Kg6 38.Kf2 Kf5 39.Ke3 Ke5 40.Rb1 f5 41.Rb5 f4+ 42.Kf2 Na5 43.Ke1 Kd6
44.Be2 Rxb5 45.Bxb5 Ke5 46.Kd2 Kd4 47.Kc2 Nb7 48.Kb3 Kc5 49.Kc3 Nd6 50.Bd3 Nb7
51.Bc4 Na5 52.Bb5 Nb7 53.Kd3 Nd6 54.Bd7 Nc4 55.Ke4 Ne3 56.g4 Kd6 57.Bb5 g6
58.Bd3 Nd5 59.Kd4 Ne7 60.Be4  1-0

[Event "IsBank TCh-TUR 2013"]
[Site "Denizli TUR"]
[Date "2013.07.09"]
[Round "12.2"]
[White "Esen,B"]
[Black "Gagunashvili,M"]
[Result "1/2-1/2"]
[WhiteElo "2562"]
[BlackElo "2601"]

1.d4 d5 2.c4 e6 3.Nf3 Nf6 4.Nc3 Be7 5.Bf4 O-O 6.e3 b6 7.Be2 dxc4 8.Bxc4 a6
9.a4 Bb7 10.O-O c5 11.dxc5  1/2-1/2

[Event "V4 Int Open ch-SVK 2013"]
[Site "Banska Stiavnica SVK"]
[Date "2013.07.10"]
[Round "5.64"]
[White "Hlavac,P"]
[Black "Vrtiakova,Anna"]
[Result "1/2-1/2"]
[WhiteElo "1999"]
[BlackElo "1805"]

1.d4 d5 2.Nf3 Nf6 3.c4 e6 4.Bf4 Be7 5.Nc3 O-O 6.e3 Nbd7 7.c5 Nh5 8.Bd3 Nxf4
9.exf4 Re8 10.O-O Bf8 11.b4 g6 12.Qc2 Bg7 13.Rfe1 c6 14.Re3 Qc7 15.g3 f6
16.Rae1 e5 17.fxe5 fxe5 18.dxe5 Nxe5 19.Kg2 Bd7 20.Nxe5 Bxe5 21.f4 Bg7 22.Rxe8+ Rxe8
23.Rxe8+ Bxe8 24.f5 Qe5 25.Ne2 Qb2 26.fxg6 Bxg6 27.Bxg6 hxg6 28.Qxb2 Bxb2
29.Nf4 Kf7 30.Nd3 Bc3 31.Kf3 Kf6 32.h4 Kf5 33.g4+ Kf6 34.a4 a6 35.Ke3 Kf7
36.g5 Kg7 37.Kf4 Kf7 38.Kg4 Kg7 39.h5 gxh5+ 40.Kxh5 Kh7 41.g6+ Kg8 42.Kh4 Kg7
43.Kg5 Kg8 44.Kf5 Kh8 45.Ke6 Kg7 46.Kd7 Kxg6 47.Kc7 Kf5 48.Kxb7 Ke4 49.Kxa6 Kxd3
50.b5 Kc4 51.bxc6 Be5 52.Kb7 Kb4 53.a5 Kxa5 54.c7 Bxc7 55.Kxc7 d4 56.Kb7  1/2-1/2

[Event "23rd Heart of FIN"]
[Site "Jyvaskyla FIN"]
[Date "2013.07.13"]
[Round "8.3"]
[White "Sipila,V"]
[Black "Norri,J"]
[Result "0-1"]
[WhiteElo "2423"]
[BlackElo "2359"]

1.d4 d5 2.c4 e6 3.Nc3 Be7 4.Nf3 Nf6 5.Bf4 c5 6.dxc5 Na6 7.e3 Nxc5 8.cxd5 Nxd5
9.Nxd5 exd5 10.Bb5+ Bd7 11.Bxd7+ Qxd7 12.O-O O-O 13.Qe2 Rac8 14.Rfd1 Rfd8
15.Rac1 Bf6 16.h3 h6 17.Rc2 Ne6 18.Rxc8 Qxc8 19.Be5 Bxe5 20.Nxe5 Qc7 21.Nd3 d4
22.Rc1 Qa5 23.exd4 Qxa2 24.Nc5 Rxd4 25.Nxb7 Qd5 26.Rc8+ Kh7 27.Qc2+ g6 28.Qc6 Rd1+
29.Kh2 Qe5+ 30.g3 Rd2 31.Qc3 Nd4 32.Rc4 Rxf2+ 33.Kg1 Ne2+ 34.Kxf2 Nxc3 35.bxc3 Qf5+
36.Ke3 Qxh3 37.Re4 Qxg3+ 38.Kd4 Qc7 39.Nc5 Qd6+ 40.Kc4 h5 41.Nd3 g5 42.Re5 f6
43.Rd5 Qc6+ 44.Kd4 h4 45.Nc5 h3 46.Ne4 h2 47.Ng3 Qb6+ 48.Ke4 Qf2 49.Rd7+ Kg6
50.Rd3 f5+ 51.Kd5 f4 52.Ne4 Qa2+ 53.Ke5 h1=Q 54.Rd6+ Kg7 55.Rd7+ Qf7 56.Rd5 Qg1
57.c4 Qe7+ 58.Kf5 Qe3 59.c5 Qh3+  0-1